000 00303nam a22001457a 4500
008 210507b ||||| |||| 00| 0 eng d
020 _a074470892823
041 _aeng
080 _a7
082 _a7
100 _a44
101 _aART
245 _aSurface Design
_cJoy Stocksdale
942 _2udc
_cBK
999 _c57130
_d57130